Statistics for Reach "Science" With Science Questions

Click here to take the quiz!

General Stats

  • This quiz has been taken 21 times
  • The average score is 7 of 8

Answer Stats

HintAnswer% Correct
Thermal transfer taking place in liguid is done byCo_ _ _ _ _ _ _ _ ==>{Convection}
100%
The S.I. unit of forceNewton
87%
Negatively charged particle of an atomElectron
80%
Sweet substance released by flowers to attract insectsNectar
80%
Neutral particle of an atomNeutron
80%
Substance exhibiting radioactivity are _______R_d________==> {Radioactive}
80%
______ is a systematic enterprise that builds and organizes knowledge in the form of testable explanations and predictions about the universe.Science! Reached!
73%
The positively charged core of an atomNucleus
73%

Score Distribution

Percentile by Number Answered

Percent of People with Each Score

Your Score History

You have not taken this quiz